Statistiques concernant Anagrammes - Prénoms masculins - Série 14

Cliquez ici pour prendre le quiz!

Statistiques générales

  • Ce quiz a été pris 93 fois
  • Le résultat moyen est 8 sur 10

Statistiques - réponses

AnagrammePrénom% Correct
NIQUENTQuentin
89%
VIRIGLEVirgile
89%
CLIOLoic
87%
DOPOLLELeopold
82%
DRAGPASGaspard
80%
CEXAMENMaxence
79%
HOSTAMThomas
79%
EGORIGERGrégoire
70%
CORSAOscar
59%
NIVELANTValentin
52%

Distribution des résultats

Percentile par nombre de réponses

% des personnes avec chaque résultat

Votre développement - résultats

Vous n’avez pas pris ce quiz